<?xml version="1.0" encoding="UTF-8"?>
<marc:record xmlns:marc="http://www.loc.gov/MARC21/slim">
   <marc:leader>00000nam a2200000 a 4500</marc:leader>
   <marc:datafield ind1="1" ind2=" " tag="100">
      <marc:subfield code="a">Weir, Andy</marc:subfield>
      <marc:subfield code="4">aut</marc:subfield>
      <marc:subfield code="e">Verfasser/-in</marc:subfield>
   </marc:datafield>
   <marc:datafield ind1="0" ind2="0" tag="245">
      <marc:subfield code="a">Der Astronaut</marc:subfield>
   </marc:datafield>
   <marc:datafield ind1="0" ind2="0" tag="245">
      <marc:subfield code="b">Roman</marc:subfield>
   </marc:datafield>
   <marc:datafield ind1=" " ind2="1" tag="264">
      <marc:subfield code="b">Wilhelm Heyne Verlag</marc:subfield>
   </marc:datafield>
   <marc:datafield ind1="1" ind2=" " tag="520">
      <marc:subfield code="a">Als Ryland Grace erwacht, muss er feststellen, dass er ganz allein ist. Er ist anscheinend der einzige Überlebende einer Raumfahrtmission, Millionen Kilometer von zu Hause entfernt, auf einem Flug ins Tau-Ceti-Sternsystem. Aber was erwartet ihn dort? Und warum sind alle anderen Besatzungsmitglieder tot? Nach und nach dämmert es Grace, dass von seinem Überleben nicht nur die Mission, sondern die Zukunft der gesamten Erdbevölkerung abhängt.</marc:subfield>
   </marc:datafield>
   <marc:datafield ind1="3" ind2=" " tag="024">
      <marc:subfield code="a">9783453321342</marc:subfield>
   </marc:datafield>
</marc:record>
